Quel est le nom de l'animé #3 - Statistiques

Statistiques générales
  • Ce quiz a été pris 173 fois
  • Le résultat moyen est 11 sur 16
Statistiques - réponses
Par images Réponse % Correct
Naruto
98%
One Piece
96%
Dragon Ball
89%
Demon Slayer
87%
Hunter X Hunter
86%
My hero academia
79%
Blue Lock
70%
Chainsaw Man
70%
Black Clover
68%
Dr Stone
68%
Tokyo Revengers
66%
One Punch Man
60%
Fire Force
56%
Spy x family
52%
Solo Leveling
41%
Kaiju No 8
24%
Aucun quiz correspondant
Distribution des résultats
% des personnes avec chaque résultat
Percentile par nombre de réponses
Votre historique - résultats
Vous n’avez pas pris ce quiz